Top Countries by Ship Exports - Statistics

General Stats
  • This quiz has been taken 22 times
  • The average score is 11 of 14
Answer Stats
$ Worth of Ship Exports (2023) Country % Correct
$26,100,000,000 China
100%
$9,900,000,000 Japan
100%
$2,900,000,000 United States
100%
$5,600,000,000 France
95%
$6,300,000,000 Germany
90%
$3,300,000,000 India
90%
$23,900,000,000 South Korea
90%
$8,500,000,000 Italy
86%
$2,200,000,000 Spain
86%
$4,700,000,000 Singapore
67%
$1,900,000,000 Finland
62%
$2,400,000,000 Poland
62%
$2,100,000,000 Norway
57%
$2,200,000,000 United Arab Emirates
43%
No matching quizzes found
Score Distribution
Percent of People with Each Score
Percentile by Number Answered
Your Score History
You have not taken this quiz